00327nam a2200121Ia 4500008004100000020002200041041000800063082002400071100001900095245004500114260003700159300000900196230411s9999 xx 000 0 und d a978-93-5152-913-2 aeng aM/616.01/SUR/B08108 aSurinder Kumar aTextbook of Microbiology for BSc Nursing bJaypee BrothersaNew Delhic2015 a296p